| 000 | 01184nam a22003497a 4500 | ||
|---|---|---|---|
| 003 | CHAP | ||
| 005 | 20220329143723.0 | ||
| 008 | 110408s2010 mx a r 00010 spa d | ||
| 010 | _a100895 | ||
| 011 | _a101867 | ||
| 020 | _a9786074510263 | ||
| 035 | _a112555 | ||
| 040 | _cCHAP | ||
| 082 | 0 | 4 |
_a373.0972 _bS84 |
| 245 | 0 | 0 |
_aSistemas de acompañamiento en el nivel medio superior : _bmodelo para su construcción _c/coordinado por Alejandra Romo López |
| 260 |
_aMéxico, D.F. : _bANUIES, _c2010 |
||
| 300 |
_a152 p. : _bilus. |
||
| 490 | _aColección documentos | ||
| 590 |
_aBATCH-UPD _b10 _c20130110 _lUCH01 _h0935 |
||
| 590 |
_aBATCH-UPD _b10 _c20130410 _lUCH01 _h0553 |
||
| 590 |
_aBATCH-UPD _b10 _c20130914 _lUCH01 _h1004 |
||
| 590 |
_aCONVERSION _b10 _c20130109 _lUCH01 _h1356 |
||
| 650 | 1 | 4 |
_aEducación media superior. _935578 |
| 650 | 1 | 4 |
_aEducación _xPlanes de estudio. _935474 |
| 650 | 1 | 4 |
_aEstudiantes _zMéxico. _938496 |
| 650 | 1 | 4 |
_aMaestros _zMéxico. _969759 |
| 700 | 1 |
_aRomo López, Alejandra. _999717 |
|
| 830 | 0 |
_aColección documentos _924828 |
|
| 901 | _aBK | ||
| 942 | _cLIBRO | ||
| 949 |
_a373.0972 S84 _bBC _cLIBRO _d33724002239694 _eLIBRO _h114641 _i112555 _sb |
||
| 999 |
_c100895 _d100895 |
||